History of Spain on a Timeline - Statistics

General Stats
  • This quiz has been taken 845 times
    840 since last reset
  • The average score is 8 of 39
Answers on the Map
Answers color-coded by a green-red scale on the quiz's map according to % correct below.
 
Answer Stats
Answer % Correct
Civil War
78%
Franco Regime
71%
Landing of Columbus in the Americas
65%
Reconquista
61%
Peninsular War
53%
Cuban War
48%
Al-Andalus
35%
Conquest of Mexico
31%
Conquest of Peru
28%
War of the Spanish Succession
28%
Catalan declaration of independence
27%
Iberian Union
24%
ETA Terrorism
23%
Transition to democracy
22%
First Republic
20%
Second Republic
20%
Eighty Years' War
16%
Rif War
16%
Don Quixote (Cervantes)
13%
Glorious Revolution
12%
Bourbon Restoration
11%
2004 Madrid train bombings
10%
Battle of Las Navas de Tolosa
10%
Las meninas (Velázquez)
10%
Constitution of Cádiz
9%
Dictatorship of Primo de Rivera
9%
1981 coup d'état
8%
First Carlist War
7%
Second Carlist War
7%
Third Carlist War
6%
Battle of the Ebro
5%
Battle of Bailén
4%
Disaster of Annual
4%
Spanish American wars of independence
4%
Trienio liberal
4%
Bourbon Absolutism
3%
Constitution of 1978
3%
Sexenio democrático
2%
Treaty of Utrecht
2%
No matching quizzes found
Score Distribution
Percent of People with Each Score
Percentile by Number Answered
Your Score History
You have not taken this quiz since the last reset